000 00400nam a2200181Ia 4500
003 0STCL
008 150530s9999 xx 000 0 und d
040 _aSTCL
_cSTCL
100 _aMannur, H.G.
245 _aInternational Economics
250 _a2
260 _bVikas ; Delhi
_c2010
_aDelhi
300 _a0
546 _aEnglish
942 _2ddc
_cBK
999 _c10362
_d10362
005 20220125165546.0